| Record ID | ia:myparentsthinkim00prel |
| Source | Internet Archive |
| Download MARC XML | https://archive.org/download/myparentsthinkim00prel/myparentsthinkim00prel_marc.xml |
| Download MARC binary | https://www.archive.org/download/myparentsthinkim00prel/myparentsthinkim00prel_meta.mrc |
LEADER: 01406cam 2200325 a 4500
001 14429851
005 20090528073620.0
008 060627r20071985nyua j 000 0 eng
906 $a7$bcbc$corignew$d1$eecip$f20$gy-gencatlg
925 0 $aacquire$b1 shelf copy$xpolicy default
955 $alh39 2006-06-27$ilh39 2006-06-27$elh39 2006-06-27 to CIP (Dewey completed)$aps05 2007-03-07 1 copy rec'd., to CIP ver.$fpv17 2007-03-20 CIP ver to BCCD$ald11 2007-06-05 copy 2 added
010 $a 2006019546
020 $a9780060537203
020 $a0060537205
020 $a9780060537210 (lib. bdg.)
020 $a0060537213 (lib. bdg.)
040 $aDLC$cDLC$dDLC
050 00 $aPS3566.R36$bM9 2007
082 00 $a811/.54$222
100 1 $aPrelutsky, Jack.
245 10 $aMy parents think I'm sleeping /$cpoems by Jack Prelutsky ; pictures by Yossi Abolafia.
260 $aNew York, NY :$bHarperCollins,$c2007.
300 $a46 p. :$bcol. ill. ;$c24 cm.
490 0 $aI can read book
650 0 $aSleep$vJuvenile poetry.
650 0 $aChildren's poetry, American.
700 1 $aAbolafia, Yossi,$eill.
856 41 $3Table of contents only$uhttp://www.loc.gov/catdir/toc/ecip0616/2006019546.html
856 42 $3Contributor biographical information$uhttp://www.loc.gov/catdir/enhancements/fy0911/2006019546-b.html
856 42 $3Publisher description$uhttp://www.loc.gov/catdir/enhancements/fy0911/2006019546-d.html